00759nam a22002057a 4500003000500000005001700005008004100022020002900063040004300092041001200135082001200147100002300159245008200182260006200264300004200326490001600368500007600384546004900460650004400509322820220428143420.0220225b sa ||||| |||| 00| 0 eng d a9781431054435qpaperback aWorldCatbEnglishcWorldCatd3228eRDA aIsizulu aJF MAGW aSibongile Magwaza. aIsipho sikaSiphesihle.b Ibanga 2, Incwadi 1, Abaqalayo /cSibongile Magwaza. aNorthlands, South Africa : bMacmillan Education, c2017. a 12 pages : billustrations ;c 21 cm a Thokozani. aCover title. Also available in other official South African languages. aZulu language Illustrated children's books. aIsizuluvillustrated children's stories